guess the taylor swift song #1 - Statistics

General Stats
  • This quiz has been taken 16 times
  • The average score is 193 of 335
Answer Stats
Answer % Correct
a
100%
I
100%
the
100%
me
91%
to
91%
you
91%
are
82%
be
82%
in
82%
In
82%
of
82%
so
82%
This
82%
was
82%
What
82%
what
82%
Why
82%
and
73%
as
73%
back
73%
he
73%
how
73%
How
73%
if
73%
If
73%
is
73%
it
73%
know
73%
on
73%
they
73%
They
73%
up
73%
we
73%
your
73%
all
64%
Am
64%
can
64%
don't
64%
ever
64%
I'm
64%
it's
64%
"mine"
64%
My
64%
my
64%
never
64%
Oh
64%
One
64%
told
64%
did
55%
does
55%
dream
55%
feel
55%
for
55%
from
55%
gonna
55%
guilty
55%
haven't
55%
head
55%
he's
55%
just
55%
like
55%
no
55%
only
55%
Only
55%
our
55%
sin?
55%
Someone
55%
They're
55%
want
55%
way
55%
actions
45%
bad
45%
bed
45%
Blue
45%
die
45%
done
45%
"Downtown
45%
Drownin'
45%
heard
45%
him
45%
his
45%
kiss
45%
life
45%
lights"
45%
long
45%
mind?
45%
name
45%
Nile
45%
once
45%
or
45%
sent
45%
takin'
45%
talk"
45%
"There's
45%
these
45%
These
45%
thigh
45%
thing
45%
things
45%
thoughts
45%
tonight
45%
upper
45%
We've
45%
while
45%
Without
45%
written
45%
you've
45%
already
36%
anyway
36%
away?
36%
bone-deep
36%
boredom's
36%
both
36%
cage
36%
Crashin'
36%
crashin'
36%
crucify
36%
cry?
36%
fallin'
36%
Giving
36%
hedge
36%
inside
36%
into
36%
I've
36%
keep
36%
longings
36%
mad
36%
make-believe
36%
maze
36%
over
36%
recalling
36%
religiously
36%
roll
36%
screamed
36%
sheets
36%
skin
36%
slip
36%
stone
36%
such
36%
touchin'
36%
vault
36%
vow
36%
we'll
36%
ablaze
27%
actually
27%
allowed
27%
breath
27%
Buildin'
27%
choose
27%
crackin'
27%
fantasies
27%
fatal
27%
fine
27%
haunted
27%
hold
27%
holy?
27%
labored
27%
locked
27%
locks
27%
long-suffering
27%
Messy
27%
ocean
27%
paradox
27%
propriety
27%
rocks
27%
seeing
27%
somehow?
27%
stunningly
27%
Throwin'
27%
top-lip
27%
uphold
27%
visions
27%
what's
27%
wise?
27%
wolves
27%
lowercase
18%
trysts
18%
waves
18%
grave
9%
No matching quizzes found
Score Distribution
Percent of People with Each Score
Percentile by Number Answered
Your Score History
You have not taken this quiz